Gosudarstvennoje regulirovanije investicij: akcent smeščajetsja na mikrouroven'.

Nevyhnutnosť riešenia hlbokej investičnej krízy súčasnosti v podmienkach zníženia investičných prostriedkov, investičnej stagflácie, zastaralého parku výrobných zariadení. Táto kríza prebieha v podmienkach prechodu na trhové hospodárstvo. Skúmanie problémov prechodu k trhu a úlohy štátu. Kľúčovou úl...

Ausführliche Beschreibung

Gespeichert in:
Bibliographische Detailangaben
1. Verfasser: Kuznecov, Ju
Format: Buchkapitel
Sprache:Russisch
Schlagworte:
Tags: Tag hinzufügen
Keine Tags, Fügen Sie das erste Tag hinzu!

MARC

LEADER 00000naa a2200000 4500
001 r010745
005 20221130113204.6
041 0 |a rus 
044 |a [SU] 
245 1 0 |a Gosudarstvennoje regulirovanije investicij: akcent smeščajetsja na mikrouroven'.  |c Ju. Kuznecov 
520 |a Nevyhnutnosť riešenia hlbokej investičnej krízy súčasnosti v podmienkach zníženia investičných prostriedkov, investičnej stagflácie, zastaralého parku výrobných zariadení. Táto kríza prebieha v podmienkach prechodu na trhové hospodárstvo. Skúmanie problémov prechodu k trhu a úlohy štátu. Kľúčovou úlohou štátu pre najbližšie roky je formovanie a usmerňovanie mikroštruktúrnych zmien na neodkladné úlohy ako je zabezpečenie výroby spotrebných predmetov, potravín a zníženie materiálových vstupov do výroby. 
610 2 0 |a regulácia 
610 2 0 |a štát 
610 2 0 |a investície 
610 2 0 |a stagflácia 
610 2 0 |a kríza 
610 2 0 |a transformácia 
610 2 0 |a hospodárstvo trhové 
610 2 0 |a mikroekonomika 
610 2 0 |a intervencionizmus štátny 
610 2 0 |a zmeny štruktúrne 
610 2 0 |a úspory materiálu 
610 2 0 |a Rusko 
100 1 |a Kuznecov, Ju.